| 000 | 00429fam a2200157 a 4500 | ||
|---|---|---|---|
| 020 | _a0558087477 | ||
| 050 | 0 | 0 |
_aQA154.2 _b.S842 2008 |
| 100 | 1 |
_aSullivan, Michael, _d1942- |
|
| 245 | 1 | 0 |
_aCollege algebra : _cMichael Sullivan. |
| 250 | _a8th ed. | ||
| 260 |
_aNoston, N.J. : _bCustom publishing, _cc2008. |
||
| 300 | _a1 v. (various pagings) : | ||
| 500 | _aIncludes index. | ||
| 700 | 1 | _aSullivan, Michael, | |
| 942 |
_2lcc _cGEN |
||
| 999 |
_c10541 _d10541 |
||